La teoría del poder en Francisco de Vitoria
Wedi'i Gadw mewn:
| Prif Awdur: | |
|---|---|
| Fformat: | Llyfr |
| Iaith: | Sbaeneg |
| Cyhoeddwyd: |
Madrid
Instituto de Estudios Políticos
1947
|
| Pynciau: | |
| Tagiau: |
Ychwanegu Tag
Dim Tagiau, Byddwch y cyntaf i dagio'r cofnod hwn!
|
MARC
| LEADER | 00000nam a2200000 a 4500 | ||
|---|---|---|---|
| 001 | UCV0889 | ||
| 003 | CL-VaPUC | ||
| 008 | 890621e19470000SP |||||||||||||||||spa|d | ||
| 082 | 0 | 4 | |a 320.157 |b LIS |2 21 |
| 100 | |a Lissarrague, Salvador |e autor |9 393570 | ||
| 245 | 1 | 3 | |a La teoría del poder en Francisco de Vitoria |
| 300 | |a 126 p | ||
| 942 | |c BK | ||
| 945 | |d 19890621 00:00:00 | ||
| 260 | |a Madrid |b Instituto de Estudios Políticos |c 1947 | ||
| 600 | 0 | 7 | |a VITORIA, FRANCISCO DE |2 CL-VaPUC |9 255729 |
| 650 | 7 | |a FILOSOFIA POLITICA |2 CL-VaPUC |9 295233 | |
| 650 | 7 | |a PODER |2 CL-VaPUC |9 295234 | |
| 583 | |a last modification |c 19890621 00:00:00 |k Rodrigo Vera | ||
| 999 | |c 209080 |d 209078 | ||
| 952 | |0 0 |1 0 |4 0 |6 320_157000000000000_LIS_1947 |7 0 |8 DER_TF |9 184219 |a BIBDER |b BIBDER |d 2019-11-14 |i 2513676 |o 320.157 LIS 1947 |p 2513676 |r 2023-01-25 |w 2019-11-14 |x Ubicación 4to Piso |y BK |z Estos recursos deben solicitarse con anticipación |k DER | ||
| 952 | |0 0 |1 0 |4 0 |6 320_157000000000000_LIS_1947 |7 0 |8 P |9 184220 |a BIBDER |b BIBDER |d 2019-11-14 |i 2007495 |o 320.157 LIS 1947 |p 2007495 |r 2023-01-25 |w 2019-11-14 |y BK |k DER | ||